Myles textbook for midwives

Saved in:
Bibliographic Details
Other Authors Marshall, Jayne E. (Editor), Raynor, Maureen D. (Editor), Dunkley, Jacqueline (wfw)
Format Book
LanguageEnglish
Published Edinburgh ; London ; New York ; Oxford ; Philadelphia ; St. Louis ; Sydney : Elsevier, 2020
Edition17th edition
Subjects
ISBN978-0-7020-7642-8
Physical Descriptionxv, 1016 stran : ilustrace (převážně barevné) ; 24 cm

Cover

LEADER 00000aam a2200000 i 4500
001 115736
003 CZ ZlUTB
005 20260601074622.0
007 ta
008 221220s2020 xxka e p 001 0 eng
020 |a 978-0-7020-7642-8  |q (brožováno) 
040 |a BOA001  |b cze  |d ZLD002  |e rda 
044 |a xxk  |a xxu  |a at 
072 7 |a 618  |x Gynekologie. Porodnictví  |2 Konspekt  |9 14 
072 7 |a 37.016  |x Učební osnovy. Vyučovací předměty. Učebnice  |2 Konspekt  |9 22 
080 |a 618.4-089  |2 MRF 
080 |a 618.4/.5  |2 MRF 
080 |a (075.8)  |2 MRF 
245 0 0 |a Myles textbook for midwives /  |c edited by Jayne E. Marshall, Maureen D. Raynor ; foreword by Jacqueline Dunkley-Bent 
246 3 0 |a Midwives 
250 |a 17th edition 
264 1 |a Edinburgh ;  |a London ;  |a New York ;  |a Oxford ;  |a Philadelphia ;  |a St. Louis ;  |a Sydney :  |b Elsevier,  |c 2020 
300 |a xv, 1016 stran :  |b ilustrace (převážně barevné) ;  |c 24 cm 
336 |a text  |b txt  |2 rdacontent 
337 |a bez média  |b n  |2 rdamedia 
338 |a svazek  |b nc  |2 rdacarrier 
500 |a Terminologický slovník 
504 |a Obsahuje bibliografie a rejstřík 
650 0 7 |a porodní asistence  |7 ph182398  |2 czenas 
650 0 7 |a porod  |7 ph124364  |2 czenas 
650 0 9 |a midwifery  |2 eczenas 
650 0 9 |a childbirth  |2 eczenas 
655 7 |a učebnice vysokých škol  |7 fd133772  |2 czenas 
655 9 |a textbooks (higher)  |2 eczenas 
700 1 |a Marshall, Jayne E.  |7 xx0198197  |4 edt 
700 1 |a Raynor, Maureen D.  |7 xx0198198  |4 edt 
700 1 |a Dunkley, Jacqueline  |7 xx0267861  |4 wfw 
710 2 |a Elsevier (firma)  |7 kn20090615020  |4 pbl 
910 |a ZLD002 
942 |2 udc 
952 |0 0  |1 0  |4 0  |6 618MYLES  |7 0  |8 BOOK  |9 191366  |a UTBZL  |b UTBZL  |c 019  |d 2026-06-01  |l 0  |o 618/MYLES  |p 420010202210  |r 2026-06-01 07:41:58  |v 854.00  |w 2026-06-01  |x N:nákup  |y 08 
992 |b SKNEW 
999 |c 115736  |d 115736